000 01041nam a22003137a 4500
001 7235
003 FISKH
005 20250703105443.0
008 250703b cb ||||| |||| 00| 0 eng d
020 _a090129003990
040 _aFISKH
_beng
_cFISKH
_dFISKH
050 _aHV1624.K4 H88
082 _a362.41092
100 _aHurwitz, Johanna
_d(1937-)
245 _aHelen Keller :
_bCourage in the dark /
_cBy Johanna Hurwitz ; Illustrated by Neverne Covington
250 _aThis edition first published in 1997
260 _aCanada :
_bRandom House,
_c1997
300 _a47 pages :
_bcolor illustrations ;
_c23 cm
490 _aStep into reading
_vGrades 2-3
505 _aP
520 _aA biography of the blind and deaf girl who overcame both handicaps with the help of her teacher, Annie Sullivan.
521 8 _a620
_bLexile
521 8 _aP
_bRaz-Plus
650 _2Biographies
_aDisabilities
650 _2History
_aHelen Keller
700 _aCovington, Neverne
_dillustrator
942 _2ddc
_cBK
_n0
999 _c7235
_d7235